Normale Ansicht
MARC-Ansicht
Eintrag Personenname
001 - Kontrollnummer
- Kontrollfeld: 15634
003 - Kontrollnummer Identifier
- Kontrollfeld: RU-10907106
005 - Datum und Zeit der letzten Transaktion
- Kontrollfeld: 20221021184114.0
008 - Datenelemente mit fester Länge
- Kontrollfeld mit fester Länge: 221021|| aca||aabn | a|a d
040 ## - Katalogisierungsquelle
- Original-Katalogisierungsstelle: RU-10907106
- Übertragungsstelle: RU-10907106
100 ## - Ansetzung - Personenname
- Personenname: Wilkie, Laurie
670 ## - Datenquelle
- Quellenangabe: Work cat.: (RU-10907106)60912: Wilkie, Laurie., A Cultural History of Objects in the Modern Age.